000 01231cab a2200469 4500
001 ABS55308
008 090401t1996 xxu||||| |||| 00| 0 eng d
035 _a(Sirsi) u15638
041 _aeng
245 _aFocus `96: London Boroughs North
260 _c1996
350 _a0
490 _aEstates Gazette
_v(9626) 29 June 1996, 93-123(15)
650 _aBARNET
650 _aBRENT CROSS
650 _aBRENT
650 _aCAMDEN
650 _aCHELSEA
650 _aDOCKLANDS
650 _aEALING
650 _aEAST LONDON
650 _aENFIELD
650 _aHARINGEY
650 _aHARROW
650 _aHILLINGDON
650 _aHOUNSLOW
650 _aINDUSTRIAL MARKET
650 _aISLINGTON
650 _aKENSINGTON
650 _aLONDON BOROUGHS NORTH
650 _aNEWHAM
650 _aNORTH LONDON
650 _aPROPERTY-COMMERCIAL PROPERTY-OFFICE PROPERTY-OFFICE PROPERTY MARKET
650 _aPROPERTY-COMMERCIAL PROPERTY-RETAIL PROPERTY-RETAIL PROPERTY MARKET
650 _aSHOPPING CENTRES
650 _aTOWER HAMLETS
650 _aUXBRIDGE
650 _aWAREHOUSES
690 _aPROPERTY-COMMERCIAL PROPERTY-COMMERCIAL PROPERTY MARKET
942 _n0
948 _c04/03/1997
999 _c10280
_d10280